000 00801nam a2200229 a 4500
001 40957
003 BD-RjUL
005 20211209053314.0
008 160512s1963 b ||||| |||| 00| p ben d
020 _c: Tk. 2.00
035 _a(BD-RjUL) 41073
040 _aBD-RjUL
_bben
_cBD-RjUL
041 _aben
082 _223
_a891.441
_bSIA 1963
100 1 0 _aসিদ্দিকা, মাহমুদা খাতুন
_9126057
245 1 0 _aঅরণ্যের সুর /
_c মাহমুদা খাতুন সিদ্দিকা
260 _aঢাকা :
_bআদিল ব্রাদার্স,
_c১৯৬৩
300 _a[৪], ৮২ পৃ. ;
_c২১ সেমি.
650 _aবাংলা কবিতা
_9126058
650 _aBegali Poetry
_9125889
942 _2ddc
_cBK
999 _c40957
_d40957